000 01139nam a2200301 i 4500
001 bg
003 BPK
005 20191211074911.0
008 051229s2004 pl a f f |000 0 pol
015 _aPB 2006/1622
020 _a8392180100
040 _aWA N
_cBPK
080 _a691
080 _a(075.8)
100 1 _aSzymański, Edward
_d(1928- )
_eAutor
245 1 0 _aMateriały budowlane.
_nT. 1 /
_cEdward Szymański ; Wyższa Szkoła Ekologii i Zarządzania w Warszawie.
260 _aWarszawa :
_bOficyna Wydawnicza WSEiZ,
_c2004.
300 _a460 s. :
_bil. ;
_c23 cm.
490 1 _aPodręczniki Wyższej Szkoły Ekologii i Zarządzania.
504 _aBibliogr. przy rozdz.
650 4 _aMateriały budowlane
655 4 _aPodręczniki akademickie
710 2 _aWyższa Szkoła Ekologii i Zarządzania w Warszawie.
_bOficyna Wydawnicza.
_4pbl.
830 0 _aPodręczniki Wyższej Szkoły Ekologii i Zarządzania.
856 _uhttp://koha.tu.koszalin.pl/cgi-bin/koha/opac-detail.pl?biblionumber=51389
_yKatalog online BPK
856 _uhttp://libra.ibuk.pl/book/89623
_yIBUK
942 _2UKD
_cKS
999 _c51389
_d51389